| 000 | 00763nam a2200205 a 4500 | ||
|---|---|---|---|
| 008 | 120416s2000 ||||||||||||||||| || u | ||
| 020 | _a0415198887 | ||
| 050 | _aQH 541.15.S72 Whe | ||
| 100 | _aWheater, C. Phillip | ||
| 245 | 1 | 0 | _aUsing statistics to understand the environment |
| 260 |
_aLondon _bRoutlege _c2000. |
||
| 300 | _axxiv, 245p. : ill. | ||
| 350 | _a0.00 | ||
| 490 | _aRoutledge introductions to environment series | ||
| 500 | _aBibliography. | ||
| 650 | _aENVIRONMENT | ||
| 650 | 3 | _aP0PULATION STATISTICS | |
| 650 | _aENVIROMENTAL SCIENCES--STATISTICAL METHODS | ||
| 995 |
_D0.00 _FCBU-MAIN LIBRARY (Kitwe) _H1 _I21.45 _M1 _UAVAILABLE _WAug 10, 2006 _ZMain Library Open Access Collection |
||
| 999 |
_c61178 _d61178 |
||